00741cam a22002294a 450000500170000000800410001701000140005802000230007202000260009503500130012103700150013404000180014908200140016710000190018124500690020025000240026926000400029327000590033330000270039250000350041965000570045420080820115011.0080216s2008 ii b 001 0 eng  aENG-92082 a8120004108c400.00 a9781200041161c400.00 aEN-75615 bDBAD / PUB adplbEnglish  a372.86044 aKamlesh, M.L.  aScientific art of teaching physical education /cby M.L. Kamlesh a2nd rev. & enl. ed. bMetropolitan Bookc2008aNew Delhi  a1, Netaji Subhash Marg, Daryaganj,bNew Delhi e110002 avi, 339p. c22cm (Hb)  aIncludes references and index  aPhysical education and trainingxStudy and teaching.